Rank Them: 10 Largest Countries - Statistics

General Stats
  • This quiz has been taken 20 times
  • The average score is 8 of 10
Answers on the Map
Answers color-coded by a green-red scale on the quiz's map according to % correct below.
 
Answer Stats
Answer % Correct
10th
90%
1st
90%
4th
90%
2nd
85%
3rd
85%
5th
80%
6th
80%
7th
80%
8th
80%
9th
80%
No matching quizzes found
Score Distribution
Percent of People with Each Score
Percentile by Number Answered
Your Score History
You have not taken this quiz